| 000 | 02870nam a2200421 a 4500 | ||
|---|---|---|---|
| 001 | 00003854 | ||
| 003 | DO-SdBNP | ||
| 005 | 20180309125539.0 | ||
| 007 | 00003854 | ||
| 008 | 091125s2012 dr a 000 0 spa d | ||
| 020 | _a9789945117400 | ||
| 040 |
_aBPMSU _bspa _cBPMSU |
||
| 082 | 0 | 4 |
_a372.63 _bJ61o 3ro. 2012 |
| 100 | 1 | _aAriza Jiménez Malena, Martha | |
| 245 | 1 | 0 |
_aOrtografía 3 : _b[educación básica] / _cMartha Ariza Jiménez Malena ; dirección editorial Obdulia García de Escobar ; ilustración Ruddy Núñez. |
| 260 |
_aSanto Domingo : _bSantillana, _c2012. |
||
| 300 |
_a55 p. _bil. ; _c28 cm. |
||
| 490 | 1 | _aInnova | |
| 505 | 0 |
_gv. 3 : _gUnidad 1 -- _tEl sonido k: Carlos -- _tEl sonido z: La carroza -- _gUnidad 2 -- _tSonido g suave: Águeda en el zoológico -- _tEl sonido J: Ángel -- _gUnidad 3 -- _tLos sonidos y las letras: Juan Pablo Duarte -- _tEl sonido r fuerte: El carro de los helados -- _gUnidad 4 -- _tSignos de interrogación y admiración: El león y el búho -- _tLa sílaba: Isabel y Javier -- _gUnidad 5 -- _tPalabras con br y bl: Brenda y Pablo -- _tPalabras con mb y mp: Los bomberos -- _gUnidad 6 -- _tPalabras terminadas en -ella, -illo, -illa: La estrella Saltimbanqui -- _tPalabras terminadas en -z, y -b: Quiere ser actriz -- _gUnidad 7 -- _tPalabras terminadas en y: La tortuga carey -- _tPalabras con h: La hiena -- _gUnidad 8 -- _tEl guión: ¿Quién inventó la bicicleta? -- _tPalabras con j: El viaje terrorífico -- _gUnidad 9 -- _tEscribir fichas: La morsa -- _tDescribir personas: Mi amigo Lorenzo -- _gUnidad 10 -- _tCompletar versos que riman: Los peces van a la escuela -- _tEscribir invitaciones: Gran fiesta de fin de curso -- _gUnidad 11 -- _tEscribir Cartas: Cartas -- _tDescribir procesos: Cómo hacer un disfraz -- _gUnidad 12 -- _tDescribir objetos: Historia de la guitarra -- _tOrdenar versos: De animales -- _gUnidad 13 -- _tDar instrucciones: El escondite inglés -- _tDescribir un proceso: Para ser astronauta -- |
|
| 650 | 4 |
_aESPAÑOL _xORTOGRAFÍA _xEDUCACIÓN PRIMARIA |
|
| 650 | 4 |
_aESPAÑOL _xORTOGRAFÍA _xENSEÑANZA BÁSICA |
|
| 650 | 4 |
_aESPAÑOL _xORTOGRAFÍA _xESTUDIOS Y EJERCICIOS |
|
| 650 | 4 |
_aESPAÑOL _xORTOGRAFÍA _xLIBROS DE TEXTOS |
|
| 650 | 4 |
_aEDUCACIÓN PRIMARIA _zREPÚBLICA DOMINICANA |
|
| 700 | 1 |
_aNúñez, Ruddy, _eil. |
|
| 700 | 1 |
_aGarcía de Escobar, Obdulia, _eed. |
|
| 830 | 0 | _aInnova | |
| 910 | _aValidado. Control de calidad MFF | ||
| 930 | 1 |
_lBND01 _mLF1 _820091130 _f01 _pHD _g8732 |
|
| 930 | 1 |
_lBND01 _mLF1 _820091130 _f01 _pHD _g8732 _hv. 2 |
|
| 930 | 1 |
_lBND01 _mLF1 _820091130 _f04 _pHD _g8733 _hv. 3 |
|
| 930 | 1 |
_lBND01 _mLF1 _820091204 _f01 _pHD _g8733 _hv. 4 |
|
| 930 | 1 |
_lBND01 _mLF1 _820091204 _f01 _pHD _g8733 _hv. 5 |
|
| 930 | 1 |
_lBND01 _mLF1 _820091204 _f04 _pHD _g8733 _hv. 6 |
|
| 942 |
_2ddc _cBK |
||
| 945 | _aRemanejado para la Bib. BNPHU, 2018/ YL | ||
| 956 |
_aLOPEREZ _b10 _c20160413 _lBPMSU _h00041 |
||
| 999 |
_c9735 _d9735 |
||